NME Best British Bands - Statistics

General Stats
  • This quiz has been taken 1,092 times
  • The average score is 7 of 14
Answer Stats
Hint Answer % Correct
2003 Oasis
88%
2009 Oasis
88%
2000 Blur
72%
2006 Arctic Monkeys
69%
2008 Arctic Monkeys
69%
2001 Radiohead
39%
2012 Kasabian
34%
2007 Muse
34%
2010 Muse
34%
2011 Muse
34%
2004 The Libertines
28%
2005 The Libertines
28%
1999 Manic Street Preachers
20%
2002 The Strokes
12%
No matching quizzes found
Score Distribution
Percent of People with Each Score
Percentile by Number Answered
Your Score History
You have not taken this quiz